Statistiques concernant Top 14 Champions

Cliquez ici pour prendre le quiz!

Statistiques générales

  • Ce quiz a été pris 546 fois
    (405 depuis la dernière actualisation)
  • Le résultat moyen est 15 sur 27

Statistiques - réponses

Plus récentÉquipe% Correct
222023Stade toulousain
99%
142015Stade français Paris
94%
42014RC Toulon
93%
62016Racing 92
88%
22017ASM Clermont Auvergne
87%
12022Montpellier HR
85%
91991Union Bordeaux Bègles
84%
52018Castres olympique
81%
21933Lyon OU
79%
72009USA Perpignan
79%
31943Aviron bayonnais
75%
52006Biarritz olympique
75%
31964Section paloise
70%
11910FC Lyon
51%
111984AS Béziers
49%
81988SU Agen
49%
11954FC Grenoble
45%
11963Stade montois
42%
21979RC Narbonne
36%
81968FC Lourdes
34%
11967US Montauban
33%
21973Stadoceste tarbais
28%
11970La Voulte sportif
10%
11937CS Vienne
9%
11951US Carmaux
9%
11896Olympique
8%
11929US Quillan
8%

Distribution des résultats

Percentile par nombre de réponses

% des personnes avec chaque résultat

Votre développement - résultats

Vous n’avez pas pris ce quiz depuis la dernière actualisation